| 000 | 00335 a2200109 4500 | ||
|---|---|---|---|
| 001 | ART_28124 | ||
| 005 | 20260410161951.0 | ||
| 008 | 260409a | ||
| 245 | 1 | 0 | _aCapital flows and capital-market crises |
| 100 | 1 | _aCalvo, Guillermo A. | |
| 773 | 0 |
_tJournal of applied economics _g- Vol. 1, NÂș 1 (nov. 1998) _wREV28044 |
|
| 999 |
_c30371 _d30371 |
||